[Event "Sydney International Open"]
[Site "Sydney AUS"]
[Date "2011.04.29"]
[Round "5"]
[White "Wallis, C."]
[Black "Akshat, Kh"]
[Result "0-1"]
[WhiteElo "2305"]
[BlackElo "2328"]
[PlyCount "130"]
[EventDate "2011.04.27"]

1. e4 c5 2. Nf3 g6 3. d4 Bg7 4. Nc3 Qa5 5. Be2 Nc6 6. d5 Nd4 7. O-O Nxf3+ 8.
Bxf3 d6 9. Ne2 Nf6 10. Bd2 Qa6 11. Bc3 O-O 12. e5 dxe5 13. Bxe5 Rd8 14. Nc3 e6
15. Qd2 exd5 16. Nxd5 Nxd5 17. Bxg7 Kxg7 18. Bxd5 Qf6 19. c4 Be6 20. Rfd1 Rd6
21. Qe3 Rad8 22. Qxc5 b6 23. Qb4 Bxd5 24. Rxd5 Rxd5 25. cxd5 Rxd5 26. Re1 a5
27. Qc3 Qxc3 28. bxc3 Rd2 29. Rb1 Rxa2 30. g3 Rc2 31. Rxb6 Rxc3 32. Ra6 Rc5 33.
Kg2 g5 34. h3 h5 35. Kf3 f6 36. Ra8 Kg6 37. Ke3 Kf5 38. Kd4 Rb5 39. Ra6 Rb4+
40. Kd3 Rb5 41. Kc4 Rb4+ 42. Kd5 Ra4 43. Kd6 Kg6 44. Ke6 Re4+ 45. Kd5 Re2 46.
f4 gxf4 47. gxf4 Kf5 48. Kd4 h4 49. Rxa5+ Kxf4 50. Rh5 Kg3 51. Rf5 Re6 52. Rf1
Kxh3 53. Kd5 Kg2 54. Rf4 Re5+ 55. Kd4 h3 56. Rxf6 Rg5 57. Ra6 h2 58. Ra2+ Kh3
59. Ra3+ Rg3 60. Ra1 Rg1 61. Ra3+ Kg4 62. Ra8 h1=Q 63. Rg8+ Kf3 64. Rf8+ Ke2
65. Re8+ Kd2 0-1

[Event "Sydney International Open"]
[Site "Sydney AUS"]
[Date "2011.05.01"]
[Round "9"]
[White "Zhao Zong Yuan"]
[Black "Akshat, Kh"]
[Result "1/2-1/2"]
[WhiteElo "2579"]
[BlackElo "2328"]
[PlyCount "34"]
[EventDate "2011.04.27"]

1. Nf3 Nf6 2. c4 g6 3. Nc3 Bg7 4. e4 d6 5. d4 O-O 6. Be2 Bg4 7. Be3 Nfd7 8. O-O
c5 9. d5 Nb6 10. Nd2 Bxe2 11. Qxe2 e6 12. f4 exd5 13. cxd5 f5 14. Nf3 fxe4 15.
Ng5 Qe7 16. Rad1 Na6 17. Ne6 Nb4 1/2-1/2

[Event "Sydney International Open"]
[Site "Sydney AUS"]
[Date "2011.04.29"]
[Round "6"]
[White "Zhao Zong Yuan"]
[Black "Bojkov, D."]
[Result "1/2-1/2"]
[WhiteElo "2579"]
[BlackElo "2523"]
[PlyCount "105"]
[EventDate "2011.04.27"]

1. e4 e5 2. Nf3 Nc6 3. d4 exd4 4. Nxd4 Nf6 5. Nxc6 bxc6 6. e5 Qe7 7. Qe2 Nd5 8.
Nd2 a5 9. c4 Nb6 10. g3 Qe6 11. b3 a4 12. Bb2 Bb4 13. Bg2 O-O 14. O-O d5 15.
Nf3 a3 16. Bd4 Ba6 17. Bxb6 cxb6 18. Nd4 Qg6 19. Rac1 Bc5 20. Rfd1 Rad8 21. Qe1
dxc4 22. Nxc6 Rc8 23. Nb4 Bb5 24. bxc4 Ba4 25. Rd5 Qg5 26. Rb1 Qf5 27. Rd2 Rfe8
28. Nd3 Bd4 29. Be4 Qg5 30. Rc1 Bxe5 31. Nxe5 Qxe5 32. Re2 g6 33. Qb4 Qh5 34.
Rce1 Bc6 35. Qxa3 Re6 36. Re3 Ra8 37. Qb3 Qc5 38. Bd5 Rf6 39. Qb2 Qd6 40. Qxb6
Bxd5 41. Qxd6 Rxd6 42. cxd5 Rxa2 43. Rd3 Ra5 44. Red1 g5 45. g4 Kg7 46. Kg2 Kg6
47. Kf3 f5 48. h3 Kf6 49. Ke3 Ke5 50. gxf5 Kxf5 51. R1d2 Ke5 52. Kf3 h5 53.
Re3+ 1/2-1/2

[Event "Sydney International Open"]
[Site "Sydney AUS"]
[Date "2011.04.27"]
[Round "2"]
[White "Zhao Zong Yuan"]
[Black "Brown, An"]
[Result "1/2-1/2"]
[WhiteElo "2579"]
[BlackElo "2275"]
[PlyCount "106"]
[EventDate "2011.04.27"]

1. e4 c5 2. Nf3 Nc6 3. d4 cxd4 4. Nxd4 Nf6 5. Nc3 e5 6. Ndb5 d6 7. Bg5 a6 8.
Na3 b5 9. Nd5 Be7 10. Bxf6 Bxf6 11. c3 Ne7 12. Nxf6+ gxf6 13. Nc2 Bb7 14. Bd3
d5 15. exd5 Qxd5 16. Ne3 Qe6 17. a4 e4 18. Be2 Rd8 19. Qc2 f5 20. axb5 f4 21.
bxa6 Bc6 22. Bc4 Qh6 23. O-O fxe3 24. Qe2 Rd2 25. Qxe3 Qxe3 26. fxe3 Rxb2 27.
Rxf7 Nd5 28. Rb7 Rxb7 29. axb7 Kd7 30. Bb5 Rb8 31. Bxc6+ Kxc6 32. Ra4 Rxb7 33.
Rxe4 Rf7 34. g4 Kd6 35. c4 Nc7 36. Kg2 Ne6 37. Kg3 Rc7 38. h4 h6 39. Kf3 Rc5
40. Kg3 Ra5 41. Kf3 Re5 42. c5+ Nxc5 43. Rb4 Nd7 44. Ra4 Re6 45. g5 h5 46. Kf4
Ne5 47. Rd4+ Ke7 48. Rd5 Nd7 49. g6 Nf6 50. Re5 Rxe5 51. Kxe5 Ne8 52. Kf5 Ng7+
53. Kg5 Kf8 1/2-1/2

[Event "Sydney International Open"]
[Site "Sydney AUS"]
[Date "2011.04.28"]
[Round "4"]
[White "Zhao Zong Yuan"]
[Black "Monir, A."]
[Result "1-0"]
[WhiteElo "2579"]
[BlackElo "2142"]
[PlyCount "119"]
[EventDate "2011.04.27"]

1. d4 Nf6 2. c4 g6 3. Nc3 d5 4. Bf4 c6 5. e3 Bg7 6. Nf3 O-O 7. h3 Nbd7 8. Rc1
dxc4 9. Bxc4 b5 10. Bd3 a6 11. a4 Bb7 12. O-O Rc8 13. b4 Re8 14. Bh2 Nb6 15. e4
Nh5 16. a5 Nd7 17. e5 Bh6 18. Rc2 Nf4 19. Bxf4 Bxf4 20. g3 Bh6 21. Ne4 Qc7 22.
Qe2 f5 23. Nc5 Nxc5 24. Rxc5 e6 25. Rb1 Qd7 26. Bc2 Kh8 27. h4 Rg8 28. Bb3 Rce8
29. Rd1 Bf8 30. Qe3 Bxc5 31. dxc5 Qg7 32. Rd6 Bc8 33. Nd4 Rgf8 34. f4 Bd7 35.
Bxe6 Bxe6 36. Nxe6 Rxe6 37. Rxe6 Qf7 38. Rxc6 Qa2 39. Qc3 Qb1+ 40. Kf2 Qa2+ 41.
Ke1 Qb1+ 42. Kd2 Qa2+ 43. Kc1 Kg7 44. Rxa6 Kh6 45. Rd6 Rc8 46. Rd2 Qe6 47. Qd3
Rb8 48. Kb2 Qe8 49. Qd5 Rc8 50. Kc3 Rb8 51. e6 Qe7 52. Qe5 Re8 53. Rd6 Kh5 54.
Qe2+ Kh6 55. a6 Rc8 56. Kd4 Re8 57. Qe5 Qa7 58. Qf6 Re7 59. Qg5+ Kg7 60. Qxe7+
1-0

[Event "Sydney International Open"]
[Site "Sydney AUS"]
[Date "2011.04.30"]
[Round "8"]
[White "Zhao Zong Yuan"]
[Black "Wallis, C."]
[Result "1-0"]
[WhiteElo "2579"]
[BlackElo "2305"]
[PlyCount "79"]
[EventDate "2011.04.27"]

1. e4 c6 2. d4 d5 3. e5 Bf5 4. Nf3 e6 5. Be2 c5 6. Be3 cxd4 7. Nxd4 Ne7 8. Nd2
Nbc6 9. N2f3 Be4 10. O-O Ng6 11. Bb5 Rc8 12. Ng5 Ngxe5 13. f4 Nd7 14. Nxe4 dxe4
15. f5 e5 16. Ne6 Qe7 17. Ng5 h6 18. Nxe4 Qb4 19. Qd5 a6 20. Rad1 Rc7 21. Bb6
Qxb5 22. Qxb5 axb5 23. Bxc7 Nc5 24. Nd6+ Bxd6 25. Bxd6 Nd7 26. Rd5 b4 27. Rfd1
f6 28. Bxb4 Nb6 29. Rb5 Nc4 30. Rxb7 Ne3 31. Rd6 Nxb4 32. Re6+ Kd8 33. Rxb4
Nxf5 34. Rxe5 fxe5 35. Rb8+ Kd7 36. Rxh8 e4 37. Rf8 g6 38. Kf2 Nd4 39. Ke3
Nxc2+ 40. Kxe4 1-0